Szczegóły MARC21

Pieniądz, kredyt bankowy i cykle koniunkturalne /

003 -Nazwa inst., której nr kontr. jest w polu 001 [,]
    • @
    • Nazwa instytucji, której n kontrolny jest w polu 001
    • NUKAT
005 -DATA I CZAS OSTATNIEJ MODYFIKACJI [,]
    • @
    • pole kontrolne
    • 20241231112739.0
020 -Międzynarod. znormalizowany nr książki - ISBN [ , ]
    • a
    • Numer ISBN
    • 9788392616047 Find
040 -Instytucja sporządzająca opis [ , ]
    • a
    • Instytucja, która sporządziła opis (NP)
    • WR U/PAd
    • c
    • Instytucja, która sporządziła rekord (NP)
    • WR U/ml
    • d
    • Instytucja, która zmodyfikowała rekord (P)
    • WR U/jm
    • d
    • Instytucja, która zmodyfikowała rekord (P)
    • WR U/HSs
041 -Język dokumentu [1, ]
    • a
    • Język tekstu (P)
    • polski
    • h
    • Język tekstu oryginalnego i/lub pośredniego (P)
    • angielski
    • h
    • Język tekstu oryginalnego i/lub pośredniego (P)
    • hiszpański
942 -Rodzaj dokumentu [ , ]
    • c
    • Rodzaj dokumentu
    • Książka
100 -Hasło główne - nazwa osobowa [1, ]
    • a
    • Nazwa osobowa (NP)
    • Huerta de Soto, Jesús
    • d
    • Daty biograficzne (NP)
    • (1956- ).
    • 9
    • KHW
    • 54079
240 -Tytuł ujednolicony [1,0]
    • a
    • Tytuł ujednolicony
    • Dinero, crédito bancario y ciclos económicos
    • l
    • Język tekstu
    • (pol.)
    • 9
    • KHW
    • 396080
245 -Strefa tytułu i oznaczenia odpowiedzialności [1,0]
    • a
    • Tytuł
    • Pieniądz, kredyt bankowy i cykle koniunkturalne / Find
    • c
    • Pozostałe elementy strefy tytułu i oznaczenia odpowiedzialności (NP)
    • Jesús Huerta de Soto ; przeł. Grzegorz Łuczkiewicz, [rozdz. 1 tł. Mateusz Machaj ; red. nauk. Witold Kwaśnicki, Rafał Wojciechowski].
246 -Wariant tytułu [1, ]
    • i
    • Tekst wyświetlany na ekranie monitora (NP)
    • Podstawa przekł.:
    • a
    • Tytuł (NP)
    • Money, bank, credit and economic cycles
260 -Strefa adresu wydawniczego [ , ]
    • a
    • Miejsce wydania (P)
    • Warszawa :
    • b
    • Nazwa wydawcy (P)
    • Instytut Ludwiga von Misesa,
    • c
    • Data wydania (P)
    • 2009.
300 -Strefa opisu fizycznego [ , ]
    • a
    • Określenie formy książki i/lub objętość (NP)
    • XXXV, [1], 680 s. :
    • b
    • Oznaczenie ilustracji (NP)
    • il. ;
    • c
    • Format (NP)
    • 25 cm.
336 -Typ zawartości [ , ]
    • a
    • Termin opisujący typ zawartości
    • Tekst
    • b
    • Kod określający zawartość
    • txt
    • 2
    • Źródło (terminu i kodu)
    • rdacontent
337 -Typ mediów [ , ]
    • a
    • Tryb odtwarzania
    • Bez urządzenia pośredniczącego
    • b
    • Kod typu mediów
    • n
    • 2
    • Źródło (terminu i kodu)
    • rdamedia
338 -Typ/rodzaj nośnika [ , ]
    • a
    • Hasło opisujące typ nośnika
    • Wolumin
    • b
    • Kod typu nośnika
    • nc
    • 2
    • Źródło (terminu i kodu)
    • rdacarrier
500 -Uwaga ogólna [ , ]
    • a
    • Uwaga ogólna (NP)
    • Redakcja nauk. dotyczy wyd. pol.
500 -Uwaga ogólna [ , ]
    • a
    • Uwaga ogólna (NP)
    • Oryg. w jęz. hisz., przekł. z ang.
504 -Uwaga dot. bibliogr. załącznikowej [ , ]
    • a
    • Uwaga dot. bibliografii załącznikowej
    • Bibliogr. s. 615-647. Indeksy.
536 -Uwaga dot. finansowania książki [ , ]
    • a
    • Tekst uwagi
    • Publikacja dofinansowana ze środków Narodowego Banku Polskiego [etc.]
080 -Uniwersalna Klasyfikacja Dziesiętna [ , ]
    • 2
    • Identyfikator wydania tablic
    • UDC-P058
    • 9
    • UKD
    • 3164
    • a
    • Symbol klasyfikacji
    • 336.7
    • b
    • Dopowiedzenie
    • Pieniądz. System monetarny. Bankowość. Giełdy.
080 -Uniwersalna Klasyfikacja Dziesiętna [ , ]
    • 2
    • Identyfikator wydania tablic
    • UDC-P058
    • 9
    • UKD
    • 3211
    • a
    • Symbol klasyfikacji
    • 338.12
    • b
    • Dopowiedzenie
    • Cykle gospodarcze. Koniunktura. Fluktuacje gospodarcze. Badania koniunktury. Ożywienie gospodarcze.
650 -Hasło przedmiotowe [ ,7]
    • a
    • Hasło przedmiotowe
    • Banki.
    • 2
    • Źródło terminu
    • kaba
    • 9
    • KHW
    • 102409
650 -Hasło przedmiotowe [ ,7]
    • a
    • Hasło przedmiotowe
    • Cykle gospodarcze.
    • 2
    • Źródło terminu
    • kaba
    • 9
    • KHW
    • 105254
650 -Hasło przedmiotowe [ ,7]
    • a
    • Hasło przedmiotowe
    • Pieniądz.
    • 2
    • Źródło terminu
    • kaba
    • 9
    • KHW
    • 123702
650 -Hasło przedmiotowe [ ,7]
    • a
    • Hasło przedmiotowe
    • Pożyczki bankowe.
    • 2
    • Źródło terminu
    • kaba
    • 9
    • KHW
    • 125510
980 -Symbol UKD [ , ]
    • a
    • UKD
    • 336.7:338.12
700 -Hasło dodatkowe - nazwa osobowa [1, ]
    • a
    • Nazwa osobowa (NP)
    • Łuczkiewicz, Grzegorz. Find
    • e
    • Określenie rodzaju współpracy
    • Tł.
    • 9
    • KHW
    • 1004
700 -Hasło dodatkowe - nazwa osobowa [1, ]
    • a
    • Nazwa osobowa (NP)
    • Kwaśnicki, Witold Find
    • d
    • Daty biograficzne (NP)
    • (1952-2022).
    • e
    • Określenie rodzaju współpracy
    • Red.
    • 9
    • KHW
    • 27856
700 -Hasło dodatkowe - nazwa osobowa [1, ]
    • a
    • Nazwa osobowa (NP)
    • Wojciechowski, Rafał Find
    • d
    • Daty biograficzne (NP)
    • (1969- ).
    • e
    • Określenie rodzaju współpracy
    • Red.
    • 9
    • KHW
    • 10613
700 -Hasło dodatkowe - nazwa osobowa [1, ]
    • a
    • Nazwa osobowa (NP)
    • Machaj, Mateusz Find
    • d
    • Daty biograficzne (NP)
    • (1981- ).
    • e
    • Określenie rodzaju współpracy
    • Tł.
    • 9
    • KHW
    • 396079
920 -ISBN [ , ]
    • a
    • ISBN
    • 978-83-926160-4-7 Find
Data inwentaryzacji Lokalizacja Status udost. Sygnatura Numer inwentarzowy
2016-02-29BE-3336GW.6696
2016-02-29BE-3336GW.6697
2021-05-13T-2T.21196T.21196